Business process outsourcing <ein> Entscheidungsleitfaden für das Out- und Insourcing von Geschäftsprozessen

Gespeichert in:
Bibliographische Detailangaben
1. Verfasser: Dittrich, Jörg
Weitere Verfasser: Braun, Marc
Format: Buch
Sprache:Deutsch
Veröffentlicht: Stuttgart Schäffer-Poeschel Verlag 2004
Schlagworte:
Tags: Tag hinzufügen
Keine Tags, Fügen Sie das erste Tag hinzu!

MARC

LEADER 00000nam$a2200000$$$4500
001 0010833
005 20240314090350.9
020 |a 3-7910-2285-7 
041 0 |a ger 
044 |a DE 
245 1 0 |a Business process outsourcing  |b <ein> Entscheidungsleitfaden für das Out- und Insourcing von Geschäftsprozessen  |c Jörg Dittrich/Marc Braun 
264 1 |a Stuttgart  |b Schäffer-Poeschel Verlag  |c 2004 
300 |a 200 s. 
610 2 0 |a outsourcing 
610 2 0 |a riadenie 
610 2 0 |a podnikanie 
610 2 0 |a obchod 
610 2 0 |a rozhodovanie 
610 2 0 |a politika peňažná 
610 2 0 |a inovácia 
610 2 0 |a projekty 
610 2 0 |a modely 
610 2 0 |a kontroling 
100 1 |a Dittrich, Jörg 
700 1 |a Braun, Marc